000 01233nam a2200325Ia 4500
001 ebr10135747
003 CaPaEBR
006 m u
007 cr cn|||||||||
008 031113s2004 nyu sb 001 0 eng d
010 _z 2003064779
020 _z1403982120
020 _z1403964149 (alk. paper)
040 _aCaPaEBR
_cCaPaEBR
035 _a(OCoLC)560471865
050 1 4 _aDS44
_b.M5235 2004eb
082 0 4 _a956.05
_222
245 0 4 _aThe Middle East and Palestine
_h[electronic resource] :
_bglobal politics and regional conflict /
_cedited by Dietrich Jung.
260 _aNew York :
_bPalgrave Macmillan,
_c2004.
300 _axii, 244 p.
504 _aIncludes bibliographical references and index.
533 _aElectronic reproduction.
_bPalo Alto, Calif. :
_cebrary,
_d2009.
_nAvailable via World Wide Web.
_nAccess may be limited to ebrary affiliated libraries.
650 0 _aArab-Israeli conflict
_y1993-
651 0 _aMiddle East.
651 0 _aPalestine.
655 7 _aElectronic books.
_2local
700 1 _aJung, Dietrich,
_d1959-
710 2 _aebrary, Inc.
856 4 0 _uhttp://site.ebrary.com/lib/rucke/Doc?id=10135747
_zAn electronic book accessible through the World Wide Web; click to view
999 _c189344
_d189344